MARC details
| 000 -LEADER |
| fixed length control field |
03068pam a2200577 i 4500 |
| 001 - CONTROL NUMBER |
| control field |
3424326 |
| 005 - DATE AND TIME OF LATEST TRANSACTION |
| control field |
20240205143014.0 |
| 008 - FIXED-LENGTH DATA ELEMENTS--GENERAL INFORMATION |
| fixed length control field |
230602t20242024mnua c b 001 0 eng |
| 010 ## - LIBRARY OF CONGRESS CONTROL NUMBER |
| LC control number |
2023023104 |
| 020 ## - INTERNATIONAL STANDARD BOOK NUMBER |
| International Standard Book Number |
9798886874440 |
| Qualifying information |
(library binding) : |
| Terms of availability |
$27.95 |
| 020 ## - INTERNATIONAL STANDARD BOOK NUMBER |
| Cancelled/invalid ISBN |
9798886876321 |
| Qualifying information |
(ebook) |
| 035 ## - SYSTEM CONTROL NUMBER |
| System control number |
(OCoLC)1373606887 |
| 035 ## - SYSTEM CONTROL NUMBER |
| System control number |
(OCoLC)on1373606887 |
| 040 ## - CATALOGING SOURCE |
| Original cataloging agency |
AzTeS/DLC |
| Language of cataloging |
eng |
| Description conventions |
rda |
| Transcribing agency |
DLC |
| 042 ## - AUTHENTICATION CODE |
| Authentication code |
pcc |
| 050 00 - LIBRARY OF CONGRESS CALL NUMBER |
| Classification number |
E99.S35 |
| Item number |
S66 2024 |
| 082 00 - DEWEY DECIMAL CLASSIFICATION NUMBER |
| Classification number |
305.897/317 |
| Edition number |
23 |
| 092 ## - LOCALLY ASSIGNED DEWEY CALL NUMBER (OCLC) |
| Classification number |
305.89731 |
| Item number |
S699S 2024 |
| 999 ## - SYSTEM CONTROL NUMBERS (KOHA) |
| Koha Dewey Subclass [OBSOLETE] |
305.89731 S699S 2024 |
| 100 1# - MAIN ENTRY--PERSONAL NAME |
| Personal name |
Sonneborn, Liz, |
| Relator term |
author. |
| 9 (RLIN) |
5745916 |
| 245 14 - TITLE STATEMENT |
| Title |
The Shawnee / |
| Statement of responsibility, etc |
by Liz Sonneborn. |
| 264 #1 - Production, Publication, Distribution, Manufacture, and Copyright Notice. |
| Place of production, publication, distribution, manufacture |
Minneapolis, MN : |
| Name of producer, publisher, distributor, manufacturer |
Bellwether Media, |
| Date of production, publication, distribution, manufacture, or copyr |
2024. |
| 264 #4 - Production, Publication, Distribution, Manufacture, and Copyright Notice. |
| Date of production, publication, distribution, manufacture, or copyr |
©2024 |
| 300 ## - PHYSICAL DESCRIPTION |
| Extent |
32 pages : |
| Other physical details |
illustrations ; |
| Dimensions |
24 cm. |
| 336 ## - Content Type |
| Content type term |
text |
| 337 ## - Media type |
| Media type term |
unmediated |
| 338 ## - Carrier type |
| Carrier type term |
volume |
| 490 1# - SERIES STATEMENT |
| Series statement |
Blastoff! discovery. Native American nations |
| 504 ## - BIBLIOGRAPHY, ETC. NOTE |
| Bibliography, etc |
Includes bibliographical references (page 31) and index. |
| 520 ## - SUMMARY, ETC. |
| Summary, etc |
"Engaging images accompany information about the Shawnee. The combination of high-interest subject matter and narrative text is intended for students in grades 3 through 8"-- |
| 521 1# - TARGET AUDIENCE NOTE |
| Target audience note |
8-12 |
| Source |
Brodart. |
| 521 2# - TARGET AUDIENCE NOTE |
| Target audience note |
3-7 |
| Source |
Brodart. |
| 650 #0 - SUBJECT ADDED ENTRY--TOPICAL TERM |
| Topical term or geographic name as entry element |
Shawnee Indians |
| Form subdivision |
Juvenile literature. |
| 9 (RLIN) |
6481604 |
| 650 #0 - SUBJECT ADDED ENTRY--TOPICAL TERM |
| Topical term or geographic name as entry element |
Shawnee Indians |
| General subdivision |
Social life and customs |
| Form subdivision |
Juvenile literature. |
| 9 (RLIN) |
6481605 |
| 650 #0 - SUBJECT ADDED ENTRY--TOPICAL TERM |
| Topical term or geographic name as entry element |
Indians of North America |
| General subdivision |
Social life and customs |
| Form subdivision |
Juvenile literature. |
| 9 (RLIN) |
6464868 |
| 650 #1 - SUBJECT ADDED ENTRY--TOPICAL TERM |
| Topical term or geographic name as entry element |
Shawnee Indians. |
| 650 #1 - SUBJECT ADDED ENTRY--TOPICAL TERM |
| Topical term or geographic name as entry element |
Shawnee Indians |
| General subdivision |
Social life and customs. |
| 9 (RLIN) |
6481606 |
| 650 #1 - SUBJECT ADDED ENTRY--TOPICAL TERM |
| Topical term or geographic name as entry element |
Indians of North America |
| General subdivision |
Social life and customs. |
| 9 (RLIN) |
85893 |
| 650 #7 - SUBJECT ADDED ENTRY--TOPICAL TERM |
| Topical term or geographic name as entry element |
JUVENILE NONFICTION / History / United States. |
| Source of heading or term |
bisacsh |
| 9 (RLIN) |
5772825 |
| 650 #7 - SUBJECT ADDED ENTRY--TOPICAL TERM |
| Topical term or geographic name as entry element |
JUVENILE NONFICTION / People & Places / United States / Native American. |
| Source of heading or term |
bisacsh |
| 9 (RLIN) |
5733692 |
| 650 #7 - SUBJECT ADDED ENTRY--TOPICAL TERM |
| Topical term or geographic name as entry element |
JUVENILE NONFICTION / Social Science / Customs, Traditions, Anthropology. |
| Source of heading or term |
bisacsh |
| 9 (RLIN) |
5907724 |
| 776 08 - ADDITIONAL PHYSICAL FORM ENTRY |
| Display text |
Online version: |
| Main entry heading |
Sonneborn, Liz. |
| Title |
Shawnee |
| Place, publisher, and date of publication |
Minneapolis : Bellwether Media, 2023 |
| International Standard Book Number |
9798886876321 |
| Record control number |
(DLC) 2023023105 |
| 830 #0 - SERIES ADDED ENTRY--UNIFORM TITLE |
| Uniform title |
Blastoff! discovery. |
| Name of part/section of a work |
Native American nations. |
| 9 (RLIN) |
6481364 |
| 942 ## - ADDED ENTRY ELEMENTS (KOHA) |
| Source of classification or shelving scheme |
Dewey Decimal Classification |
| Koha item type |
BOOK |
| 948 ## - LOCAL PROCESSING INFORMATION (OCLC); SERIES PART DESIGNATOR (RLIN) |
| Series part designator, SPT (RLIN) |
BPG |
| b (OCLC) |
CHILDREN'S |
| p (OCLC) |
X133204974 |
| k (OCLC) |
J |
| h (OCLC) |
305.89731 |
| i (OCLC) |
S699S 2024 |
| f (OCLC) |
1 |
| r (OCLC) |
2 |
| g (OCLC) |
1 |
| 7 (OCLC) |
0 |
| u (OCLC) |
3 |
| w (OCLC) |
11 |
| s (OCLC) |
0 |
| o (OCLC) |
BPG |
| 0 (OCLC) |
$27.95 |
| y (OCLC) |
99 |
| c (OCLC) |
88 |
| j (OCLC) |
Dewey Decimal |
| n (OCLC) |
On-Order |
| e (OCLC) |
2187553-3 |
| 9 (OCLC) |
Item generated Jan 2 2024 10:33AM |
| 948 ## - LOCAL PROCESSING INFORMATION (OCLC); SERIES PART DESIGNATOR (RLIN) |
| Series part designator, SPT (RLIN) |
BHH |
| b (OCLC) |
CHILDREN'S |
| p (OCLC) |
X133205070 |
| k (OCLC) |
J |
| h (OCLC) |
305.89731 |
| i (OCLC) |
S699S 2024 |
| f (OCLC) |
1 |
| r (OCLC) |
2 |
| g (OCLC) |
1 |
| 7 (OCLC) |
0 |
| u (OCLC) |
3 |
| w (OCLC) |
11 |
| s (OCLC) |
0 |
| o (OCLC) |
BHH |
| 0 (OCLC) |
$27.95 |
| y (OCLC) |
99 |
| c (OCLC) |
88 |
| j (OCLC) |
Dewey Decimal |
| n (OCLC) |
On-Order |
| e (OCLC) |
2187553-1 |
| 9 (OCLC) |
Item generated Jan 2 2024 10:33AM |
| 948 ## - LOCAL PROCESSING INFORMATION (OCLC); SERIES PART DESIGNATOR (RLIN) |
| Series part designator, SPT (RLIN) |
BTG |
| b (OCLC) |
CHILDREN'S |
| p (OCLC) |
X133205591 |
| k (OCLC) |
J |
| h (OCLC) |
305.89731 |
| i (OCLC) |
S699S 2024 |
| f (OCLC) |
1 |
| r (OCLC) |
2 |
| g (OCLC) |
1 |
| 7 (OCLC) |
0 |
| u (OCLC) |
3 |
| w (OCLC) |
11 |
| s (OCLC) |
0 |
| o (OCLC) |
BTG |
| 0 (OCLC) |
$27.95 |
| y (OCLC) |
99 |
| c (OCLC) |
88 |
| j (OCLC) |
Dewey Decimal |
| n (OCLC) |
On-Order |
| e (OCLC) |
2187553-2 |
| 9 (OCLC) |
Item generated Jan 2 2024 10:33AM |